Statistics for Canada Province Capitals - Map Click Quiz

Click here to take the quiz!

General Stats

  • This quiz has been taken 297 times
  • The average score is 10 of 13

Answers on the Map

Answers color-coded by a green-red scale on the quiz's map according to % correct below.
 

Answer Stats

Answer% Correct
Quebec City
95%
Toronto
93%
Edmonton
82%
Victoria
82%
Winnipeg
80%
Iqaluit
77%
Halifax
75%
Yellowknife
73%
Charlottetown
70%
St. John's
70%
Regina
66%
Fredericton
61%
Whitehorse
55%

Score Distribution

Percentile by Number Answered

Percent of People with Each Score

Your Score History

You have not taken this quiz